Ex-yu Balkan Rock - nastavi tekst pesme - Statistics

General Stats
  • This quiz has been taken 564 times
  • The average score is 13 of 20
Answer Stats
Ime Pesme Tekst Nastavi % Correct
Bajaga - Tišina | Nisu čvorci pevali dok je iznad krovova svirala... tišina
93%
Tajči - Hajde da ludujemo | Tvoje su usne kao... čokolada
91%
Divlje Jagode - Motori | Motori, motori, motori
90%
Prljavo Kazalište - Ne zovi mama doktora | Šta sad ljubav, šta sad ljubav ima s tim, da te... više ne volim
87%
Zana - Mladiću moj | Mladiću moj, problem je tvoj, što si mi... tako sladak
85%
Denis&Denis - Kolačići | Poješću sve kolačiće, tebi u inat postaću... debela
83%
Atomsko Sklonište - Treba imat dušu | Jer za ljubav... treba imat dušu
78%
Generacija 5 - Dolazim za pet minuta | Ne boj se, neću ti ništa, treba mi... rame za plakanje
72%
EKV - Ti si sav moj bol | Ti si sav moj bol, ti si sav moj bol, ti si sav moj bol
71%
Valentino - Samo sklopi okice | Samo sklopi okice i... zovi mi ime
70%
Srđan Jul - Koketa | Hoću samo tebe, za tebe... samo znam
68%
Riblja Čorba - Amsterdam | Cipelu sam umaz'o govancom, da se ne bih... osećao strancom
65%
Bijelo Dugme - Napile se ulice | Tišina šaputaće, tako samo zvoni... srce moje
64%
Josipa Lisac - Danas sam luda | Danas sam luda, ne znam što hoću, danas sam luda... želim samoću
61%
Magazin - Sve bi seke ljubile mornare | Sve bi seke ljubile mornare, ali mame, mame... brane to
53%
Plavi orkestar - Ljubi se istok i zapad | Skini prašinu sa starog kofera, i krenimo na put, hajde... budi mi drug
47%
Aerodrom - Stavi pravu stvar | Stavi pravu stvar, na... pravo mjesto
29%
Oliver Mandić - Ljujaj me nežno | I dok ti blistaš, ja se... bojim bojim
21%
YU Rock Misija | S tobom neko je, ko želi... ljubav da ti da
16%
Crvena Jabuka - Šampanjski poljubac | Pun mjesec je noćas kao i tad, za mene čuvaš li onaj osmijeh i sad
13%
No matching quizzes found
Score Distribution
Percent of People with Each Score
Percentile by Number Answered
Your Score History
You have not taken this quiz